| 000 | 00487nam a2200157Ia 4500 | ||
|---|---|---|---|
| 008 | 210716s2005 xx 000 0 und d | ||
| 020 | _a0471401331 | ||
| 041 | _aeng | ||
| 082 | _a657 KIMP | ||
| 100 | _aKimmel, Paul D;Weygandt, Jerry J;Kieso, Donald E. | ||
| 245 |
_aPrinciples of accounting: tools for business decision making. _bTools for business decision making |
||
| 250 | _a1 | ||
| 260 |
_aUSA _bJohn Wiley & sons _c2005 |
||
| 300 | _avii,1076,I-16 | ||
| 650 | _aAccounting(657) | ||
| 999 |
_c202959 _d202959 |
||